[Event "ISR Youth-Ch Finals 2021 U18"]
[Site "Ramat Hasharon"]
[Date "2021.03.26"]
[Round "9.6"]
[White "Stolyarsky, Yegor"]
[Black "Friedland, Eldar"]
[Result "1-0"]
[WhiteElo "2063"]
[BlackElo "2034"]
[Annotator "NA"]
[PlyCount "155"]
[EventDate "2021.03.19"]
[EventType "swiss"]
[EventCountry "ISR"]
[SourceTitle "playchess.com"]
[Source "ChessBase"]
[SourceQuality "1"]
[TimeControl "5400+30"]

1. d4 {[%emt 0:00:29]} Nf6 {[%emt 0:00:00]} 2. Nf3 {[%emt 0:00:36]} g6 {[%emt 0:00:00]} 3. c4 {[%emt 0:00:18]} Bg7 {[%emt 0:00:00]} 4. g3 {[%emt 0:00:52]} O-O {[%emt 0:00:14]} 5. Bg2 {[%emt 0:00:48]} d6 {[%emt 0:00:21]} 6. Nc3 {[%emt 0:00:42]} Nc6 {[%emt 0:00:24]} 7. O-O {[%emt 0:01:11]} a6 {[%emt 0:00:24]} 8. Bg5 {[%emt 0:01:48] 8.b3 is the modern continuation.} h6 {[%emt 0:01:16]} 9. Bf4 {[%emt 0:01:30]} Rb8 {[%emt 0:09:45]} 10. Rc1 {[%emt 0:04:36]} g5 {[%emt 0:11:31]} 11. Be3 {[%emt 0:04:29]} Ng4 {[%emt 0:00:44] [#]} 12. Ne1 $146 {[%emt 0:03:06]} ({Predecessor:} 12. Qd2 Nxe3 13. fxe3 e5 14. d5 Ne7 15. e4 f5 16. exf5 Bxf5 17. e4 Bd7 18. Nd1 {0-1 (38) Muhammad,S-Saltos Velez,A (2088) Baku 2016}) 12... f5 {[%emt 0:15:33]} 13. h3 {[%emt 0:03:48]} Nxe3 {[%emt 0:00:41]} 14. fxe3 {[%emt 0:00:09]} e5 {[%emt 0:06:50]} 15. Nc2 {[%emt 0:10:07]} e4 {[%emt 0:05:55]} 16. Qd2 {[%emt 0:02:15]} Ne7 {[%emt 0:00:45]} 17. Rf2 {[%emt 0:03:23]} c6 {[%emt 0:00:43]} 18. Rcf1 {[%emt 0:02:28]} (18. Rff1 $142) 18... d5 {[%emt 0:00:58]} 19. cxd5 {[%emt 0:01:15]} cxd5 {[%emt 0:00:10]} ({Less strong is} 19... Nxd5 20. g4 $17) 20. Kh2 {[%emt 0:01:48]} h5 {[%emt 0:00:16]} 21. Rg1 {[%emt 0:01:44]} Qd6 {[%emt 0:00:38]} 22. Bf1 {[%emt 0:00:46]} Bd7 {[%emt 0:00:12]} 23. Kh1 {[%emt 0:01:45]} Ng6 {[%emt 0:01:07]} 24. Nd1 {[%emt 0:03:15]} Rbc8 {[%emt 0:05:36]} 25. Qb4 {[%emt 0:00:31]} Qc7 {[%emt 0:06:37]} 26. Nc3 {[%emt 0:00:54]} Be6 {[%emt 0:01:19]} 27. Qb3 {[%emt 0:00:33]} Rfd8 {[%emt 0:01:12]} 28. Nb4 {[%emt 0:02:32]} Qc4 {[%emt 0:00:30]} ({Black should play} 28... Ne7 $19 29. a3 Rd6) 29. Qxc4 {[%emt 0:05:42]} Rxc4 {[%emt 0:00:04]} 30. Nc2 {[%emt 0:00:27]} Bf8 {[%emt 0:00:13]} 31. g4 {[%emt 0:06:28]} fxg4 {[%emt 0:04:35]} 32. Rf6 {[%emt 0:02:19]} Bf7 {[%emt 0:01:11]} 33. Rb6 {[%emt 0:01:25]} Rc7 {[%emt 0:02:31]} 34. Na1 {[%emt 0:03:22]} Rd6 {[%emt 0:00:46]} 35. Rxd6 {[%emt 0:01:49]} Bxd6 {[%emt 0:00:05]} 36. hxg4 {[%emt 0:00:25]} h4 {[%emt 0:00:06]} 37. Bh3 $19 {[%emt 0:00:22]} Be6 {[%emt 0:01:58]} 38. Rf1 {[%emt 0:01:23]} Kg7 {[%emt 0:00:14]} 39. Nb3 {[%emt 0:05:22]} b5 {[%emt 0:00:05]} 40. a3 {[%emt 0:01:18]} Ne7 {[%emt 0:00:58]} 41. Rc1 {[%emt 0:02:02]} Nc8 {[%emt 0:00:49]} 42. Nb1 {[%emt 0:02:22]} Rxc1+ {[%emt 0:00:55]} 43. Nxc1 {[%emt 0:00:31]} Nb6 {[%emt 0:00:05]} 44. Nd2 {[%emt 0:00:29]} Nc4 {[%emt 0:01:16]} 45. Nxc4 {[%emt 0:00:22]} bxc4 {[%emt 0:00:06]} 46. Na2 {[%emt 0:01:25]} Kf7 {[%emt 0:00:14]} 47. Nc3 {[%emt 0:01:05]} Ke7 {[%emt 0:00:08]} 48. Kg1 {[%emt 0:00:32]} Bg3 {[%emt 0:05:52]} 49. Kf1 {[%emt 0:00:51]} Kd6 {[%emt 0:00:06]} 50. Na4 {[%emt 0:12:51]} Kc6 {[%emt 0:01:14]} 51. Nc5 {[%emt 0:01:28]} Bc8 {[%emt 0:01:19]} 52. Na4 {[%emt 0:00:04]} Kc7 {[%emt 0:02:52]} 53. Nc3 {[%emt 0:00:21]} Kd6 {[%emt 0:00:09]} 54. Na2 {[%emt 0:00:52]} Bd7 {[%emt 0:03:21]} 55. Nb4 {[%emt 0:00:29]} c3 {[%emt 0:01:39]} 56. bxc3 {[%emt 0:00:54]} Bb5 {[%emt 0:00:08]} 57. Nc2 {[%emt 0:02:20]} a5 {[%emt 0:01:41]} 58. Na1 {[%emt 0:00:48]} Bc4 {[%emt 0:04:55]} 59. a4 {[%emt 0:00:05]} Kc6 {[%emt 0:00:19]} 60. Bg2 {[%emt 0:00:30]} Bd6 {[%emt 0:01:28]} 61. Ke1 {[%emt 0:00:15]} Ba3 {[%emt 0:01:37]} 62. Kd2 {[%emt 0:00:23]} Bb2 {[%emt 0:00:38]} 63. Nc2 {[%emt 0:00:14]} Bb3 {[%emt 0:00:08]} 64. Ne1 {[%emt 0:01:11]} Bxa4 {[%emt 0:01:55]} 65. c4 {[%emt 0:00:13]} Bb3 {[%emt 0:00:19]} 66. cxd5+ {[%emt 0:00:34]} Kxd5 {[%emt 0:00:14]} 67. Nd3 {[%emt 0:00:35]} a4 {[%emt 0:01:39]} 68. Nxb2 {[%emt 0:00:40]} a3 {[%emt 0:00:10]} 69. Nd3 {[%emt 0:00:05]} h3 {[%emt 0:01:29]} 70. Bh1 {[%emt 0:00:16]} h2 {[%emt 0:01:10]} 71. Kc3 {[%emt 0:00:55]} Bd1 {[%emt 0:00:32]} 72. Nf2 {[%emt 0:01:00]} Bxe2 {[%emt 0:00:19]} 73. Bxe4+ {[%emt 0:00:20]} Kd6 {[%emt 0:00:31]} 74. Kb3 {[%emt 0:00:06]} Bb5 {[%emt 0:00:44]} 75. Kxa3 {[%emt 0:00:41]} Bd7 {[%emt 0:00:08]} 76. Kb4 {[%emt 0:00:12]} Bc8 {[%emt 0:00:07]} 77. Bf3 {[%emt 0:00:24]} Bd7 {[%emt 0:00:43]} 78. e4 {[%emt 0:00:09]} 1-0

[Event "ISR Youth-Ch Finals 2021 U18"]
[Site "Ramat Hasharon"]
[Date "2021.03.26"]
[Round "9.7"]
[White "Kochavi, Ori"]
[Black "Kadria, Shay"]
[Result "1-0"]
[WhiteElo "2273"]
[BlackElo "2086"]
[Annotator "ChessBase"]
[PlyCount "35"]
[EventDate "2021.03.19"]
[EventType "swiss"]
[EventCountry "ISR"]
[SourceTitle "playchess.com"]
[Source "ChessBase"]
[SourceQuality "1"]
[TimeControl "5400+30"]

1. e4 {[%emt 0:00:00]} c5 {[%emt 0:00:00]} 2. Nf3 {[%emt 0:00:00]} d6 {[%emt 0:00:10]} 3. d4 {[%emt 0:00:00]} cxd4 {[%emt 0:00:07]} 4. Nxd4 {[%emt 0:00:00]} Nf6 {[%emt 0:00:15]} 5. Nc3 {[%emt 0:00:00]} a6 {[%emt 0:00:07]} 6. Be3 {[%emt 0:00:26]} e5 {[%emt 0:00:10]} 7. Nf3 {[%emt 0:00:03]} Be6 {[%emt 0:01:26]} 8. Ng5 {[%emt 0:00:05]} Be7 {[%emt 0:03:43]} 9. Nxe6 {[%emt 0:00:04]} fxe6 {[%emt 0:00:11]} 10. Bc4 {[%emt 0:00:32]} Qd7 {[%emt 0:02:12]} 11. Qf3 {[%emt 0:00:12]} b5 {[%emt 0:01:50]} 12. Bb3 {[%emt 0:00:08]} Nc6 {[%emt 0:01:30]} 13. Qh3 {[%emt 0:00:05]} Kf7 {[%emt 0:00:46]} 14. Nd5 {[%emt 0:15:04]} Rad8 {[%emt 0:12:22]} 15. Nb6 {[%emt 0:01:23]} Qe8 {[%emt 0:02:12]} 16. Bxe6+ {[%emt 0:00:27]} Kf8 {[%emt 0:00:11]} 17. O-O {[%emt 0:06:51]} Qh5 {[%emt 0:04:09]} 18. Nd7+ {[%emt 0:00:04]} 1-0

[Event "ISR Youth-Ch Finals 2021 U18"]
[Site "Ramat Hasharon"]
[Date "2021.03.26"]
[Round "9.8"]
[White "Sheinkman, Lidan"]
[Black "Iliaguev, Daniel"]
[Result "1/2-1/2"]
[WhiteElo "1895"]
[BlackElo "2103"]
[Annotator "NA"]
[PlyCount "120"]
[EventDate "2021.03.19"]
[EventType "swiss"]
[EventCountry "ISR"]
[SourceTitle "playchess.com"]
[Source "ChessBase"]
[SourceQuality "1"]
[TimeControl "5400+30"]

1. d4 {[%emt 0:01:03]} e6 {[%emt 0:00:33]} 2. c4 {[%emt 0:00:33]} Nf6 {[%emt 0:00:24]} 3. g3 {[%emt 0:00:10]} d5 {[%emt 0:01:08]} 4. Nf3 {[%emt 0:00:02]} Bb4+ {[%emt 0:01:08]} 5. Bd2 {[%emt 0:00:15]} Be7 {[%emt 0:00:09]} 6. Bg2 {[%emt 0:00:11]} O-O {[%emt 0:00:26]} 7. O-O {[%emt 0:02:11]} c6 {[%emt 0:01:16]} 8. b3 {[%emt 0:01:30]} Nbd7 {[%emt 0:00:46]} 9. Qc2 {[%emt 0:00:17]} b6 {[%emt 0:00:25]} 10. Bc3 {[%emt 0:00:17]} Ne4 {[%emt 0:05:39]} 11. Ne5 {[%emt 0:03:42]} Nxe5 {[%emt 0:04:10]} 12. Bxe4 {[%emt 0:02:55]} Ng6 {[%emt 0:00:02]} 13. Bg2 {[%emt 0:00:48]} Ba6 {[%emt 0:02:30]} 14. Nd2 {[%emt 0:11:43]} f5 {[%emt 0:01:26]} 15. Bb2 {[%emt 0:03:10]} Rc8 {[%emt 0:08:44]} 16. Rac1 {[%emt 0:06:39]} Nh8 {[%emt 0:03:46]} 17. Qb1 {[%emt 0:03:28]} Nf7 {[%emt 0:04:00]} 18. Nf3 {[%emt 0:05:58]} g5 {[%emt 0:05:43]} 19. Ne5 {[%emt 0:01:03]} Nxe5 {[%emt 0:00:26]} 20. dxe5 {[%emt 0:00:04]} Qe8 {[%emt 0:04:55]} 21. Rfd1 {[%emt 0:09:51]} Qh5 {[%emt 0:19:43]} 22. cxd5 {[%emt 0:00:18]} cxd5 {[%emt 0:00:04]} 23. e3 {[%emt 0:00:18]} Rxc1 {[%emt 0:15:35]} ({Better is} 23... f4 $17 24. Rxc8 Rxc8) 24. Rxc1 {[%emt 0:01:59]} Rc8 {[%emt 0:00:09]} 25. Rxc8+ {[%emt 0:01:35]} Bxc8 {[%emt 0:00:02]} 26. Qc2 {[%emt 0:00:20]} Qe8 {[%emt 0:00:14]} 27. Bd4 {[%emt 0:00:21]} Ba6 {[%emt 0:07:50]} 28. Qc7 {[%emt 0:06:14]} Qc8 {[%emt 0:00:08]} 29. Qxc8+ {[%emt 0:01:06]} Bxc8 {[%emt 0:00:02]} 30. f4 {[%emt 0:00:28]} g4 {[%emt 0:00:47]} 31. Bf1 {[%emt 0:00:56]} Bd7 {[%emt 0:00:58]} 32. Bd3 {[%emt 0:00:12]} h5 {[%emt 0:00:21]} 33. Kf2 {[%emt 0:00:06]} h4 {[%emt 0:00:11]} 34. Ke2 {[%emt 0:00:41]} h3 {[%emt 0:00:19]} 35. a4 {[%emt 0:02:14]} Bb4 {[%emt 0:00:49]} 36. Bb2 $11 {[%emt 0:02:31]} Kf8 {[%emt 0:03:36]} 37. Bc1 {[%emt 0:00:17]} a5 {[%emt 0:02:25]} 38. Bb5 {[%emt 0:01:12]} Ke7 {[%emt 0:00:53]} 39. Bb2 {[%emt 0:00:09]} Kd8 {[%emt 0:02:46]} 40. Bd4 {[%emt 0:00:05]} Bc5 {[%emt 0:00:11]} 41. Kf2 {[%emt 0:00:15]} Kc7 {[%emt 0:00:35]} 42. Ke2 {[%emt 0:00:06]} Bc6 {[%emt 0:00:59]} 43. Kf2 {[%emt 0:00:15]} Bb4 {[%emt 0:00:15]} 44. Ke2 {[%emt 0:00:08]} Kb7 {[%emt 0:00:21]} 45. Kf2 {[%emt 0:00:09]} Bxb5 {[%emt 0:01:51]} 46. axb5 {[%emt 0:00:03]} Bc5 {[%emt 0:00:02]} 47. Ke2 {[%emt 0:00:14]} Bxd4 {[%emt 0:00:05]} 48. exd4 {[%emt 0:00:06]} Kc7 {[%emt 0:00:01]} 49. Kd3 {[%emt 0:00:11]} Kb7 {[%emt 0:00:14]} 50. Kc3 {[%emt 0:00:06]} Kc7 {[%emt 0:00:18]} 51. Kb2 {[%emt 0:00:06]} Kb7 {[%emt 0:00:23]} 52. Ka3 {[%emt 0:00:05]} Kc7 {[%emt 0:00:13]} 53. Ka4 {[%emt 0:00:06]} Kb7 {[%emt 0:00:16]} 54. b4 {[%emt 0:00:04]} axb4 {[%emt 0:00:05]} 55. Kb3 {[%emt 0:00:17]} Kc7 {[%emt 0:00:03]} 56. Kb2 {[%emt 0:00:15]} b3 {[%emt 0:00:06]} 57. Kc1 {[%emt 0:00:05]} b2+ {[%emt 0:00:05]} 58. Kc2 {[%emt 0:00:12]} Kb7 {[%emt 0:00:02]} 59. Kb1 {[%emt 0:00:11]} Kc7 {[%emt 0:00:03]} 60. Ka2 {[%emt 0:00:05]} Kb7 {[%emt 0:00:01]} 1/2-1/2

[Event "ISR Youth-Ch Finals 2021 U18"]
[Site "Ramat Hasharon"]
[Date "2021.03.26"]
[Round "9.9"]
[White "Sobel, Ido"]
[Black "Cohen Revivo, Shoham"]
[Result "0-1"]
[WhiteElo "1885"]
[BlackElo "2171"]
[Annotator "ChessBase"]
[PlyCount "66"]
[EventDate "2021.03.19"]
[EventType "swiss"]
[EventCountry "ISR"]
[SourceTitle "playchess.com"]
[Source "ChessBase"]
[SourceQuality "1"]
[TimeControl "5400+30"]

1. e4 {[%emt 0:00:00]} c5 {[%emt 0:00:00]} 2. Nc3 {[%emt 0:00:00]} Nc6 {[%emt 0:00:00]} 3. f4 {[%emt 0:00:00]} e6 {[%emt 0:00:44]} 4. Nf3 {[%emt 0:00:00]} d5 {[%emt 0:00:07]} 5. Bb5 {[%emt 0:00:29]} Nge7 {[%emt 0:01:20]} 6. O-O {[%emt 0:03:31]} d4 {[%emt 0:02:12]} 7. Ne2 {[%emt 0:01:42]} a6 {[%emt 0:00:06]} 8. Bxc6+ {[%emt 0:00:09]} Nxc6 {[%emt 0:00:02]} 9. d3 {[%emt 0:00:12]} Be7 {[%emt 0:00:53]} 10. Ng3 {[%emt 0:02:30]} h5 {[%emt 0:00:40]} 11. e5 {[%emt 0:02:10]} b5 {[%emt 0:03:42]} 12. Ne4 {[%emt 0:01:35]} Bb7 {[%emt 0:00:08]} 13. Bd2 {[%emt 0:02:37]} Qd5 {[%emt 0:03:00]} 14. Qe2 {[%emt 0:02:46]} O-O-O {[%emt 1:24:06]} 15. Rfc1 {[%emt 1:19:49]} h4 {[%emt 0:00:30]} 16. h3 {[%emt 0:00:30]} f5 {[%emt 0:00:00]} 17. Neg5 {[%emt 0:00:00]} Rd7 {[%emt 0:00:00]} 18. Be1 {[%emt 0:00:00]} Bxg5 {[%emt 0:00:00]} 19. Nxg5 {[%emt 0:00:00]} Ne7 {[%emt 0:00:00]} 20. Qf3 {[%emt 0:00:00]} Qxf3 {[%emt 0:00:00]} 21. gxf3 {[%emt 0:00:00]} Rh6 {[%emt 0:00:00]} 22. Kf2 {[%emt 0:00:00]} Nd5 {[%emt 0:03:30]} 23. Bd2 {[%emt 0:00:00]} c4 {[%emt 0:00:00]} 24. a3 {[%emt 0:00:00]} Rc7 {[%emt 0:00:00]} 25. Rab1 {[%emt 0:00:00]} Kb8 {[%emt 0:00:00]} 26. a4 {[%emt 0:00:00]} bxa4 {[%emt 0:00:00]} 27. Ra1 {[%emt 0:00:00]} c3 {[%emt 0:00:00]} 28. bxc3 {[%emt 0:00:00]} dxc3 {[%emt 0:00:00]} 29. Be3 {[%emt 0:00:00]} Bc6 {[%emt 0:00:00]} 30. Rcb1+ {[%emt 0:00:00]} Kc8 {[%emt 0:00:00]} 31. Bb6 {[%emt 0:00:00]} Rb7 {[%emt 0:00:00]} 32. Be3 {[%emt 0:00:00]} Rb2 {[%emt 0:00:00]} 33. Rc1 {[%emt 0:00:00]} Nb4 {[%emt 0:00:00]} 0-1

[Event "ISR Youth-Ch Finals 2021 U18"]
[Site "Ramat Hasharon"]
[Date "2021.03.26"]
[Round "9.10"]
[White "Levitan, Ronit"]
[Black "Mondri, Nadav"]
[Result "1/2-1/2"]
[WhiteElo "2048"]
[BlackElo "1803"]
[Annotator "ChessBase"]
[PlyCount "105"]
[EventDate "2021.03.19"]
[EventType "swiss"]
[EventCountry "ISR"]
[SourceTitle "playchess.com"]
[Source "ChessBase"]
[SourceQuality "1"]
[TimeControl "5400+30"]

1. e4 {[%emt 0:00:40]} e5 {[%emt 0:00:00]} 2. Nf3 {[%emt 0:00:06]} Nc6 {[%emt 0:00:00]} 3. Bc4 {[%emt 0:00:08]} Bc5 {[%emt 0:00:42]} 4. c3 {[%emt 0:00:13]} Nf6 {[%emt 0:00:42]} 5. d3 {[%emt 0:00:20]} O-O {[%emt 0:01:01]} 6. O-O {[%emt 0:00:35]} d6 {[%emt 0:03:43]} 7. Nbd2 {[%emt 0:01:47]} Be6 {[%emt 0:01:23]} 8. Bxe6 {[%emt 0:04:18]} fxe6 {[%emt 0:00:09]} 9. h3 {[%emt 0:00:13]} Kh8 {[%emt 0:02:29]} 10. Re1 {[%emt 0:06:33]} Bb6 {[%emt 0:02:38]} 11. Nf1 {[%emt 0:02:27]} Qe8 {[%emt 0:04:00]} 12. Be3 {[%emt 0:06:57]} Nh5 {[%emt 0:04:04]} 13. Ng5 {[%emt 0:11:02]} Qg6 {[%emt 0:04:17]} 14. Qg4 {[%emt 0:18:25]} Rf6 {[%emt 0:07:56]} 15. Nh2 {[%emt 0:03:06]} Raf8 {[%emt 0:01:17]} 16. Ngf3 {[%emt 0:02:24]} Nf4 {[%emt 0:08:39]} 17. Rad1 {[%emt 0:04:42]} Qh6 {[%emt 0:07:39]} 18. Qg3 {[%emt 0:09:21]} Rg6 {[%emt 0:04:19]} 19. Ng4 {[%emt 0:26:13]} Qh5 {[%emt 0:03:15]} 20. d4 {[%emt 0:00:00]} a6 {[%emt 0:07:25]} 21. dxe5 {[%emt 0:00:00]} Nxe5 {[%emt 0:02:19]} 22. Nfxe5 {[%emt 0:00:00]} dxe5 {[%emt 0:00:09]} 23. Bxf4 {[%emt 0:02:00]} exf4 {[%emt 0:33:24]} 24. Qxf4 {[%emt 0:00:00]} Qc5 {[%emt 0:00:30]} 25. Qd2 {[%emt 0:01:00]} Rxg4 {[%emt 0:00:30]} 26. hxg4 {[%emt 0:00:00]} Qxf2+ {[%emt 0:00:00]} 27. Qxf2 {[%emt 0:00:00]} Bxf2+ {[%emt 0:00:00]} 28. Kf1 {[%emt 0:00:00]} Bxe1+ {[%emt 0:00:00]} 29. Kxe1 {[%emt 0:00:00]} h6 {[%emt 0:00:00]} 30. Rd7 {[%emt 0:00:00]} Rf4 {[%emt 0:00:00]} 31. Rxc7 {[%emt 0:00:00]} Rxe4+ {[%emt 0:00:00]} 32. Kf2 {[%emt 0:00:00]} b5 {[%emt 0:00:00]} 33. Kf3 {[%emt 0:00:00]} Ra4 {[%emt 0:00:00]} 34. a3 {[%emt 0:00:00]} e5 {[%emt 0:00:00]} 35. Re7 {[%emt 0:00:00]} Rf4+ {[%emt 0:00:00]} 36. Kg3 {[%emt 0:00:00]} Re4 {[%emt 0:00:00]} 37. Re6 {[%emt 0:00:00]} Re2 {[%emt 0:00:00]} 38. b4 {[%emt 0:00:00]} Re3+ {[%emt 0:00:00]} 39. Kf2 {[%emt 0:00:00]} Rxc3 {[%emt 0:00:00]} 40. Rxa6 {[%emt 0:00:00]} e4 {[%emt 0:00:00]} 41. g5 {[%emt 0:03:07]} hxg5 {[%emt 0:00:00]} 42. Rg6 {[%emt 0:00:53]} Rxa3 {[%emt 0:00:39]} 43. Rxg5 {[%emt 0:00:05]} Rb3 {[%emt 0:01:21]} 44. Rxb5 {[%emt 0:00:08]} Kh7 {[%emt 0:00:14]} 45. Rb6 {[%emt 0:00:48]} g6 {[%emt 0:00:26]} 46. b5 {[%emt 0:01:12]} Kh6 {[%emt 0:00:13]} 47. Rb8 {[%emt 0:00:35]} Kg5 {[%emt 0:00:13]} 48. b6 {[%emt 0:00:44]} Kg4 {[%emt 0:01:05]} 49. b7 {[%emt 0:01:36]} Kg5 {[%emt 0:00:55]} 50. Ke2 {[%emt 0:00:20]} Kg4 {[%emt 0:02:07]} 51. Kf2 {[%emt 0:00:27]} Kg5 {[%emt 0:00:07]} 52. Kg1 {[%emt 0:00:44]} Kg4 {[%emt 0:00:15]} 53. Kf2 {[%emt 0:01:29]} 1/2-1/2

[Event "ISR Youth-Ch Finals 2021 U18"]
[Site "Ramat Hasharon"]
[Date "2021.03.26"]
[Round "9.11"]
[White "Neiman, Maks"]
[Black "Sobel, Alon"]
[Result "0-1"]
[WhiteElo "1993"]
[BlackElo "1825"]
[Annotator "NA"]
[PlyCount "90"]
[EventDate "2021.03.19"]
[EventType "swiss"]
[EventCountry "ISR"]
[SourceTitle "playchess.com"]
[Source "ChessBase"]
[SourceQuality "1"]
[TimeControl "5400+30"]

1. d4 {[%emt 0:03:07]} d5 {[%emt 0:01:03]} 2. Nf3 {[%emt 0:00:49]} Nf6 {[%emt 0:00:30]} 3. Bf4 {[%emt 0:00:30]} c5 {[%emt 0:00:30]} 4. e3 {[%emt 1:27:34]} Nc6 {[%emt 0:00:00]} 5. c3 {[%emt 0:00:00]} Qb6 {[%emt 0:00:00]} 6. Qb3 {[%emt 0:00:00]} c4 {[%emt 0:00:00]} 7. Qc2 {[%emt 0:00:00]} Bf5 {[%emt 0:00:00]} 8. Qc1 {[%emt 0:00:00]} Nh5 {[%emt 0:00:13]} 9. Bg3 {[%emt 0:00:00]} h6 {[%emt 0:02:14]} 10. Nbd2 {[%emt 0:00:00]} e6 {[%emt 0:01:47]} 11. Be2 {[%emt 0:00:00]} Nxg3 {[%emt 0:03:58]} 12. hxg3 {[%emt 0:00:00]} Qa5 {[%emt 0:00:59]} 13. Bd1 {[%emt 0:00:00]} Bd6 {[%emt 0:03:24]} 14. Bc2 {[%emt 0:00:00]} Bxc2 {[%emt 0:01:44]} 15. Qxc2 {[%emt 0:00:00]} b5 {[%emt 0:00:43]} 16. e4 {[%emt 0:00:00]} Qc7 {[%emt 0:05:24]} 17. g4 {[%emt 0:00:00]} Bf4 {[%emt 0:04:38]} 18. g3 {[%emt 0:00:00]} Bxd2+ {[%emt 0:00:12]} 19. Nxd2 {[%emt 0:00:00]} O-O-O {[%emt 0:01:42]} 20. Kf1 {[%emt 0:00:00]} Qb7 {[%emt 0:03:08]} 21. a4 {[%emt 0:00:00]} b4 22. exd5 {[%emt 0:09:00]} exd5 {[%emt 0:05:36]} 23. b3 {[%emt 0:00:00]} Rhe8 {[%emt 0:04:57]} 24. bxc4 {[%emt 0:01:00]} dxc4 {[%emt 0:00:19]} 25. Rh5 {[%emt 0:00:00]} b3 {[%emt 0:02:36]} 26. Qf5+ {[%emt 0:00:00]} Re6 {[%emt 0:05:51]} 27. Qb5 {[%emt 0:00:00]} Nxd4 {[%emt 0:02:36]} 28. cxd4 {[%emt 0:00:00]} Rc6 {[%emt 0:02:11]} 29. Qxb7+ {[%emt 0:00:00]} Kxb7 {[%emt 0:00:18]} 30. Rb5+ {[%emt 0:00:00]} Kc7 {[%emt 0:04:59]} 31. d5 {[%emt 0:00:00]} a6 {[%emt 0:01:14]} 32. Rb7+ {[%emt 0:00:00]} Kxb7 {[%emt 0:01:57]} 33. dxc6+ {[%emt 0:00:00]} Kxc6 {[%emt 0:00:08]} 34. Nxc4 {[%emt 0:00:00]} Kc5 {[%emt 0:00:53]} 35. Ne5 {[%emt 0:00:00]} Rd2 {[%emt 0:00:43]} 36. Rb1 {[%emt 0:00:00]} Kb4 {[%emt 0:01:13]} 37. Nf3 {[%emt 0:00:00]} Rd5 {[%emt 0:02:39]} 38. a5 {[%emt 0:07:00]} Ka3 {[%emt 0:02:22]} 39. Ra1+ {[%emt 0:00:00]} Kb2 {[%emt 0:00:40]} 40. Ra4 {[%emt 0:00:00]} Kc3 {[%emt 0:00:41]} 41. Ra3 {[%emt 0:00:00]} Kb4 {[%emt 0:00:37]} 42. Ra1 {[%emt 0:00:00]} b2 {[%emt 0:00:18]} 43. Re1 {[%emt 0:00:00]} Kb3 {[%emt 0:00:51]} 44. Re3+ {[%emt 0:01:33]} Ka2 {[%emt 0:00:42]} 45. Re2 {[%emt 0:00:29]} Ka1 {[%emt 0:00:13]} 0-1